| 000 | 00542nam a2200157 4500 | ||
|---|---|---|---|
| 999 |
_c372081 _d372081 |
||
| 008 | 210419b ||||| |||| 00| 0 eng d | ||
| 040 |
_aDE-2950 _dDE-2950 |
||
| 041 | _ager | ||
| 245 |
_aArchiv am Park: _bJahresberichte 2020/2021 |
||
| 260 |
_aFrankfurt (Oder): _bStadtarchiv Frankfurt (Oder) _c[2022] |
||
| 300 | _a55 Seiten: zahlreiche Abbildungen, Fotografien | ||
| 440 |
_916 _aSchriftenreihe des Stadtarchivs Frankfurt (Oder) _vBd. 11 |
||
| 653 | _aFrankfurt (Oder) | ||
| 653 |
_aStadtarchiv _aJahresbericht 2020 / 2021 |
||
| 942 |
_2z _cB |
||